000 00428nam a2200145 i 4500
001 44695
003 ES-MaACL
007 t|
008 030324s1923 sp ||||1| spa d
100 1 _aClaude, Henri.
_939079
245 1 0 _aManual de PatologĂ­a interna
_b: enfermedades del sistema nervioso /
_cpor Enrique Claude.
260 _aBarcelona :
_bSalvat,
_c1923.
300 _a2 v. :
_bil. ;
_c21 cm.
852 _aES-MaACL
_jB-9021-22
999 _c44695
_d44695